000 00813nam a22002177a 4500
999 _c21355
_d21355
003 AR-CdUCM
008 190515b ||||| |||| 00| 0 spa d
040 _aMUNICIPALIDAD PROVINCIAL DEL CUSCO
_cBIBLIOTECA MUNICIPAL DEL CUSCO
082 _a726.098/F89
_bF89
100 _aFuentes Pastor, Hélard
_944505
245 _aLos jesuitas y el colegio de Santiago de Arequipa /
260 _aArequipa ;
_bAntares,
_c2017.
300 _a125 Páginas. :
_bilustraciones,
_c21 cm.
505 _aContenido : Antecedentes del colegio -- Primeros desencuentros -- El colegio de Santiago abre sus puertas -- El terremoto de 1582 ...
650 _aArquitectura
_93356
650 _aOrnamentación
_95872
650 _aArquitectura colonial
_928957
650 _aArequipa Perú
_97078
942 _2ddc
_cLIBROS
945 _aRoel